00241nam a22000857a 4500008004100000082002000041245004800061260003400109300001200143230620b xxu||||| |||| 00| 0 eng d a327.51bYU 1975 aChina's African PolicybA Study of Tanzania aUSAbPraeger Publishersc1975 aXX,200p